ECONÓMIA (Registro nro. 28424)
[ vista simple ]
| 000 -LEADER | |
|---|---|
| fixed length control field | 00988nam a2200241 a 4500 |
| 001 - CONTROL NUMBER | |
| control field | 28424 |
| 005 - DATE AND TIME OF LATEST TRANSACTION | |
| control field | 20180713231312.0 |
| 008 - FIXED-LENGTH DATA ELEMENTS--GENERAL INFORMATION | |
| fixed length control field | 140415s1992 000 0 spa d |
| 020 ## - INTERNATIONAL STANDARD BOOK NUMBER | |
| International Standard Book Number | 8476158106 |
| 041 ## - LANGUAGE CODE | |
| Language code of text/sound track or separate title | spa |
| 082 ## - DEWEY DECIMAL CLASSIFICATION NUMBER | |
| Classification number | 330 |
| Item number | WON |
| 100 1# - MAIN ENTRY--PERSONAL NAME | |
| Personal name | WONNACOTT PAUL |
| 245 10 - TITLE STATEMENT | |
| Title | ECONÓMIA |
| 250 ## - EDITION STATEMENT | |
| Edition statement | 4° EDICIÓN |
| 260 ## - PUBLICATION, DISTRIBUTION, ETC. | |
| Place of publication, distribution, etc. | [s.l.] : |
| Name of publisher, distributor, etc. | MC GRAW HILL, |
| Date of publication, distribution, etc. | 1992 |
| 300 ## - PHYSICAL DESCRIPTION | |
| Extent | 995 |
| Dimensions | 18 x 5 x 24 |
| 500 ## - GENERAL NOTE | |
| General note | EL LIBRO CONTIENE DATOS SOBRE LOS AUTORES. |
| 520 ## - SUMMARY, ETC. | |
| Summary, etc. | LA CUARTA EDICION DE ECONOMIA ES LA MAS AMPLIA REVISION DEL LIBRO REALIZADA HASTA LA FECHA Y RECONSTRUYE Y MEJORA LA ESTRUCTURA DE LAS EDICIONES ANTERIORES. LAS NOVEDADES DE ESTA EDICION SE DETALLAN EN LA PROXIMA SECCION ESTE LIBRO SE INSPIRO EN DOS CUENTIONES PRINCIPALES, QUE SON PROPIA NUESTRA MATERIA Y POR NUESTRA INCAPACIDAD PARA ENCONTRAR LAS RESPUESTAS. |
| 650 14 - SUBJECT ADDED ENTRY--TOPICAL TERM | |
| Topical term or geographic name entry element | ECONOMIA |
| 700 1# - ADDED ENTRY--PERSONAL NAME | |
| Personal name | FRANCESC SOLE PARELLADA |
| Relator term | tr. |
| 700 1# - ADDED ENTRY--PERSONAL NAME | |
| Personal name | A. DONNA Y ELOISE |
| Relator term | pról. |
| 740 ## - ADDED ENTRY--UNCONTROLLED RELATED/ANALYTICAL TITLE | |
| Uncontrolled related/analytical title | ECONOMICS |
| Withdrawn status | Lost status | Source of classification or shelving scheme | Damaged status | Not for loan | Collection code | Home library | Current library | Shelving location | Date acquired | Source of acquisition | Total Checkouts | Full call number | Barcode | Date last seen | Price effective from | Koha item type |
|---|---|---|---|---|---|---|---|---|---|---|---|---|---|---|---|---|
| Dewey Decimal Classification | Consulta en sala | General | Tehuacán | Tehuacán | Sala general | 03/12/2013 | Compra | 330 WON | 502027 | 08/01/2025 | 03/12/2013 | Reserva permanente |